[Event "ROM-chT"]
[Site "Sovata"]
[Date "1998.??.??"]
[Round "2"]
[White "Chiricuta Kantor, Iudita"]
[Black "Vajda, Szidonia"]
[Result "1/2-1/2"]
[WhiteElo "2125"]
[BlackElo "2325"]
[PlyCount "64"]
[EventDate "1998.??.??"]
[EventType "team-tourn"]
[EventRounds "5"]
[EventCountry "ROU"]
[SourceTitle "EXT 1999"]
[Source "ChessBase"]
[SourceDate "1998.11.16"]
[SourceVersion "1"]
[SourceVersionDate "1998.11.16"]
[SourceQuality "1"]

1. d4 Nf6 2. c4 c5 3. d5 b5 4. cxb5 a6 5. e3 axb5 6. Bxb5 Qa5+ 7. Nc3 Bb7 8. Bd2 Qb6 9. Bc4 e6 10. Qf3 Be7 11. e4 0-0 12. Nge2 Na6 13. Rd1 Nb4 14. 0-0 Ba6 15. Bxa6 Qxa6 16. Bf4 Nxa2 17. Ra1 Qc4 18. b3 Qxb3 19. Nxa2 Qxf3 20. gxf3 exd5 21. exd5 Nxd5 22. Be5 d6 23. Nac3 Nb4 24. Bf4 d5 25. Nb5 Bf6 26. Rxa8 Rxa8 27. Rb1 Ra5 28. Nbc3 h6 29. Bd2 Ra3 30. Nb5 Ra5 31. Nbc3 Ra3 32. Nb5 Ra5 1/2-1/2

[Event "ROM-chT2"]
[Site "Sovata"]
[Date "1997.??.??"]
[Round "9"]
[White "Chiricuta Kantor, Iudita"]
[Black "Manu, Alina"]
[Result "1/2-1/2"]
[WhiteElo "2125"]
[BlackElo "2035"]
[PlyCount "104"]
[EventDate "1997.10.??"]
[EventType "tourn"]
[EventRounds "7"]
[EventCountry "ROU"]
[SourceTitle "EXT 2000"]
[Source "ChessBase"]
[SourceDate "1999.11.16"]
[SourceVersion "1"]
[SourceVersionDate "1999.11.16"]
[SourceQuality "1"]

1. d4 d6 2. c4 Nd7 3. Nc3 Ngf6 4. e4 e5 5. d5 Nc5 6. f3 a5 7. Be3 b6 8. Qd2 Be7 9. Nge2 Nh5 10. Nc1 0-0 11. Nd3 Bd7 12. Be2 Nxd3+ 13. Bxd3 Bh4+ 14. g3 Be7 15. 0-0-0 f5 16. Kb1 f4 17. Bf2 g6 18. g4 Ng7 19. h4 Ne8 20. g5 Ng7 21. Bf1 Nh5 22. Bh3 Bxh3 23. Rxh3 Qd7 24. Rhh1 Rfb8 25. Qc2 Rb7 26. Qa4 Qxa4 27. Nxa4 Rab8 28. Nc3 Ra8 29. Kc2 Kf7 30. b3 Ke8 31. a3 Kd7 32. Nb5 Rbb8 33. Ra1 Rc8 34. Kd3 Rcb8 35. Ra2 Rc8 36. Rha1 Rcb8 37. b4 Ng7 38. Be1 a4 39. Nc3 Ne8 40. b5 Ra7 41. Rb2 Ng7 42. Na2 Bf8 43. Nb4 Re8 44. Rab1 Nh5 45. Bf2 Ng7 46. Na6 Rea8 47. Rb4 Rxa6 48. bxa6 Rxa6 49. R4b2 Be7 50. Be1 Kc8 51. Kc3 Nh5 52. Kb4 Ra5 1/2-1/2

[Event "Bucharest TIT-2 (Women)"]
[Site "Bucharest"]
[Date "1993.??.??"]
[Round "7"]
[White "Iosif, Cristina S"]
[Black "Chiricuta Kantor, Iudita"]
[Result "1-0"]
[WhiteElo "2210"]
[BlackElo "2165"]
[PlyCount "117"]
[EventDate "1993.??.??"]
[EventType "tourn"]
[EventRounds "11"]
[EventCountry "ROU"]
[SourceTitle "EXT 1998"]
[Source "ChessBase"]
[SourceDate "1997.11.17"]
[SourceVersion "1"]
[SourceVersionDate "1997.11.17"]
[SourceQuality "1"]

1. e4 c6 2. Nc3 d5 3. Nf3 Bg4 4. h3 Bxf3 5. Qxf3 e6 6. d4 Bb4 7. Bd2 Nf6 8. e5 Nfd7 9. Qg3 g6 10. h4 h5 11. Bd3 Nf8 12. a3 Be7 13. Bg5 Nh7 14. Bxe7 Qxe7 15. 0-0 Nd7 16. Ne2 0-0-0 17. f4 Kb8 18. b4 Nb6 19. Rfb1 Nc8 20. Qf2 Qc7 21. b5 Ne7 22. a4 Rc8 23. a5 Qd8 24. Nc3 Nf5 25. Bxf5 gxf5 26. bxc6 Rxc6 27. Nb5 Rg8 28. Nd6 Rc7 29. Rb3 f6 30. Rab1 Rgg7 31. Qe2 Ka8 32. Qxh5 Rxc2 33. g3 fxe5 34. dxe5 Qg8 35. Qf3 Qd8 36. Rxb7 Rxb7 37. Nxb7 Qc7 38. a6 Qc4 39. Qe3 Rc3 40. Qe1 Qd4+ 41. Kh2 Qc4 42. Nd6 Rc2+ 43. Kh3 Qa2 44. Qg1 Rh2+ 45. Qxh2 Qxb1 46. Qg2 Qa1 47. Kh2 Qxa6 48. Qc2 Kb8 49. h5 Nf8 50. h6 Nh7 51. g4 Nf6 52. exf6 Qxd6 53. Qb2+ Kc8 54. Kg3 d4 55. h7 Qd8 56. Qh2 Qh8 57. Qh6 d3 58. Qg7 d2 59. Qxh8+ 1-0

[Event "ROM-ch (Women)"]
[Site "Romania"]
[Date "1992.??.??"]
[Round "3"]
[White "Bollengier, Andreea"]
[Black "Chiricuta Kantor, Iudita"]
[Result "1/2-1/2"]
[WhiteElo "2070"]
[BlackElo "2155"]
[PlyCount "50"]
[EventDate "1992.??.??"]
[EventType "tourn"]
[EventRounds "13"]
[EventCountry "ROU"]
[SourceTitle "TD"]
[Source "ChessBase"]
[SourceDate "1994.03.01"]
[SourceVersion "1"]
[SourceVersionDate "1994.03.01"]
[SourceQuality "1"]

1. e4 c5 2. Nf3 d6 3. d4 cxd4 4. Nxd4 Nf6 5. Nc3 a6 6. g3 e6 7. Bg2 Be7 8. 0-0 Bd7 9. Be3 Nc6 10. Qe2 0-0 11. Rad1 Qc7 12. f4 Rac8 13. Kh1 b5 14. Nxc6 Bxc6 15. a3 Qb7 16. Bc1 Rfe8 17. h3 Bf8 18. Rf2 a5 19. e5 dxe5 20. fxe5 Nd7 21. Kh2 b4 22. Bxc6 Qxc6 23. axb4 axb4 24. Nb5 Bc5 25. Nd4 Qc7 1/2-1/2